00642nam a22002057a 4500003000500000005001700005008004100022010001000063011001000073035001000083040000900093082002000102100003400122245003300156260008200189300001100271490006400282650002600346830006400372CHAP20220329140724.0971013s1964 r 00010 d a56551 a57523 a61678 cCHAP a332.71bZ5 196400aZimmermann Monteagudo, Jorge. aCrédito agrícola general a(México, D.F.) :bInstituto Interamericano de Ciencias Agrícolas,c(1964) a273 p. aCurso Internacional de Crédito Agrícola. México, 196414aCrédito agrícola.0 aCurso Internacional de Crédito Agrícola. México, 1964